Normal view
MARC view
Entry Topical Term
001 - CONTROL NUMBER
- control field: 52436
003 - CONTROL NUMBER IDENTIFIER
- control field: ARRUPE
005 - DATE AND TIME OF LATEST TRANSACTION
- control field: 20240215142043.0
008 - FIXED-LENGTH DATA ELEMENTS
- fixed length control field: 240215|| aca||aabn | a|a d
040 ## - CATALOGING SOURCE
- Original cataloging agency: ARRUPE
- Transcribing agency: ARRUPE
150 ## - HEADING--TOPICAL TERM
- Topical term or geographic name as entry element: Holocaust, Jewish (1939-1945)
- General subdivision: Moral and ethical aspects
670 ## - SOURCE DATA FOUND
- Source citation: Work cat.: (ARRUPE)131799: Landau, Ronnie S., 1948- 52435, The Nazi Holocaust /, c1994.